Statystyki dla Zwycięzcy Superpucharu Polski (1983-2022)

Kliknij tutaj aby rozwiązać quiz!

Ogólne statystyki

  • Ten quiz został rozwiązany 105 razy
  • Średni wynik to 26 z 31

Statystyki odpowiedzi

RokZwycięzca% Poprawnych
2008Legia Warszawa
100%
1989Legia Warszawa
100%
1994Legia Warszawa
100%
1997Legia Warszawa
100%
2004Lech Poznań
99%
1990Lech Poznań
99%
2016Lech Poznań
99%
1992Lech Poznań
99%
2015Lech Poznań
99%
2009Lech Poznań
99%
2021Raków Częstochowa
99%
2022Raków Częstochowa
99%
2001Wisła Kraków
99%
2017Arka Gdynia
93%
2018Arka Gdynia
93%
2020Cracovia
91%
1983Lechia Gdańsk
90%
2019Lechia Gdańsk
90%
1996Widzew Łódź
83%
2000Polonia Warszawa
81%
2007Zagłębie Lubin
78%
1988Górnik Zabrze
77%
2012Śląsk Wrocław
77%
1987Śląsk Wrocław
77%
2014Zawisza Bydgoszcz
74%
2010Jagiellonia Białystok
67%
2006Wisła Płock
61%
1998Amica Wronki
59%
1999Amica Wronki
59%
1995GKS Katowice
53%
1991GKS Katowice
53%

Rozkład punktacji

Percentyl według liczby udzielonych odpowiedzi

Procent ludzi z każdym wynikiem

Twoja historia wyników

Nie rozwiązałeś tego quizu